• 首页
  • 本馆介绍
  • 公告通知
  • 最新文献
  • 馆藏检索
  • 电子资源
  • 读者导购
  • 参考咨询
  • 我的图书馆
  • 登录
  • 详细信息显示
  • 放入我的书架
  • 预约/预借图书
  • 作者相关作品
  • 分类相关作品
  • 丛书相关作品
  • 出版社相关作品

书目信息

  • 表格格式
  • 工作单格式
  • 卡片格式
书名: BACH 371 Harmonized Chorales and 69 Chorale Melodies with figured bass
作者:
分册号:
分册名:
出版地:
 
出版社:
出版时间:
页数: 165 p. ;
开本: 20cm.
丛书名:
中图分类号:
科图分类号:
其他分类号: J652.8
主题词:
电子资源:
000 00371nam 2200121 a 4500
001 E0753720992
005 20070228150140.01
008 070228s 00010 eng
040    @aPFT@beng
090    @aJ652.8
099    @dJ652.8@ex181
245    @aBACH 371 Harmonized Chorales and 69 Chorale Melodies with figured bass :@b巴赫371首四声部众赞歌和69首众赞歌曲谱.
300    @a165 p. ;@c20cm.
    
    BACH 371 Harmonized Chorales and 69 Chorale Melodies with figured bass : : 巴赫371首四声部众赞歌和69首众赞歌曲谱.
    165 p. ; ; 20cm.
    
    
    ISBN
    
●
相关链接 在E读中查询图书 在五车中查询图书 在当当中查询图书 在豆瓣中查询图书


正题名:BACH 371 Harmonized Chorales and 69 Chorale Melodies with figured bass     索取号:J652.8/x181         预约/预借

序号 登录号 条形码 馆藏地/架位号 状态 备注
1 228345   001690450   密集书库/ [索取号:J652.8/x181] 在馆    
2 228346   001690520   第二样本阅览室/ [索取号:J652.8/x181] 在馆    
唐山师范学院图书馆 欢迎您!
大连网信软件有限公司© 版权所有